LEADER 01038nam a2200253 i 4500 001 000000154767 003 CaOOAMICUS 005 20090330000000.0 008 090330s1965 it u000 u ita u 013 $a132115 040 $aSeMil$bita 100 1 $aDe Feo, Italo <1912->.$0(OLS)http://semarc/name/31084 245 12$aL'Italia di Giolitti /$cItalo De Feo. 260 $aTorino :$bERI,$ccopyr. 1965. 300 $a215 p. :$briccamente ill. ;$c31 cm. 500 $aIn preliminari : Dedica autografa dell'Autore. - Fondo Card. Giovanni Colombo. 650 4$aItalia - Politica - Sec. 19.-20.$0(OLS)http://semarc/subject/3910 650 4$aGiolitti, Giovanni <1842-1928> - Attivitą politica.$0(OLS)http://semarc/subject/30320 850 $aSeMil 852 $aSeMil$W1$xVenegono$y1$m5H IX 52$j106623$B106623$CSeMilBibl$Z2$F140605 $8I 941 1 $a3 961 $aLascito: Colombo Card. Giovanni 996 $6245$aL'Italia di Giolitti$9(OLS)http://semarc/title/226566 996 $6260$aTorino :$bERI$9(OLS)http://semarc/publisher/31745 LEADER 01071nam a2200217 4500 001 000000357122 003 CaOOAMICUS 005 20240212093655.0 008 240212s1812 it a 000 u ita r 040 $aSeMil$bita 100 11$aFilicaia, Vincenzo : da,$d<1642-1707>.$0(OLS)http://semarc/name/73992 245 10$aPoesie toscane del senatore Vincenzio da Filicaia; aggiunto il di lui carteggio relativo alle suddette poesie ... Tomo primo [-secondo]. 250 $aEdizione formata sopra quella di Matini del 1707 264 1$aVenezia :$bVitarelli,$c1812. 300 $a2 v. :$bill. ;$c16° 700 1 $aVitarelli,$c.$0(OLS)http://semarc/name/114412 774 0 $tTomo primo.$dVenezia : Vitarelli, 1812.$w()357123 774 0 $tTomo secondo.$dVenezia : Vitarelli, 1812.$w()357124 996 $6245$aPoesie toscane del senatore Vincenzio da Filicaia; aggiunto il di lui carteggio relativo alle suddette poesie ... Tomo primo [-secondo]$9(OLS)http://semarc/title/447371 996 $6264$aVenezia :$bVitarelli$9(OLS)http://semarc/publisher/60026